<?xml version="1.0" encoding="UTF-8"?>
<record
    xmlns:xsi="http://www.w3.org/2001/XMLSchema-instance"
    xsi:schemaLocation="http://www.loc.gov/MARC21/slim http://www.loc.gov/standards/marcxml/schema/MARC21slim.xsd"
    xmlns="http://www.loc.gov/MARC21/slim">

  <leader>01617naa a2200253 i 4500</leader>
  <controlfield tag="001">BPP</controlfield>
  <controlfield tag="003">BPK</controlfield>
  <controlfield tag="005">20190610114406.0</controlfield>
  <controlfield tag="008">140605s1978    pl     f     |100 0 pol</controlfield>
  <datafield tag="040" ind1=" " ind2=" ">
    <subfield code="c">BPK</subfield>
  </datafield>
  <datafield tag="080" ind1=" " ind2=" ">
    <subfield code="a">621.9</subfield>
  </datafield>
  <datafield tag="100" ind1=" " ind2=" ">
    <subfield code="a">KACALAK, Wojciech.</subfield>
    <subfield code="d">1970 - 1996.</subfield>
    <subfield code="b">Wy&#x17C;sza Szko&#x142;a In&#x17C;ynierska w Koszalinie - Instytut Techniki Wytwarzania,</subfield>
    <subfield code="c">Zak&#x142;ad Obr&#xF3;bki Skrawaniem</subfield>
  </datafield>
  <datafield tag="245" ind1=" " ind2=" ">
    <subfield code="a">Rozk&#x142;ad warto&#x15B;ci nacisk&#xF3;w w strefie polerowania &#x15B;ciernic&#x105; elastyczn&#x105; /</subfield>
    <subfield code="c">Wojciech Kacalak, Zdzis&#x142;aw Pluta.</subfield>
  </datafield>
  <datafield tag="260" ind1=" " ind2=" ">
    <subfield code="c">1978.</subfield>
  </datafield>
  <datafield tag="500" ind1=" " ind2=" ">
    <subfield code="a">Dane z autopsji.</subfield>
  </datafield>
  <datafield tag="520" ind1=" " ind2=" ">
    <subfield code="a">W pracy przedstawiono analiz&#x119; teoretyczn&#x105; rozk&#x142;adu nacisk&#xF3;w w strefie obr&#xF3;bki podczas polerowania &#x15B;ciernicami elastycznymi oraz wyniki bada&#x144; modelowych. Wykazano, &#x17C;e rozk&#x142;ad nacisk&#xF3;w mo&#x17C;e by&#x107; podstaw&#x105; oceny w&#x142;asno&#x15B;ci spr&#x119;&#x17C;ystych &#x15B;ciernicy. Na podstawie rozk&#x142;adu warto&#x15B;ci nacisk&#xF3;w mo&#x17C;na wyznaczy&#x107; niekt&#xF3;re wielko&#x15B;ci wyj&#x15B;ciowe procesu polerowania. Analiza rozk&#x142;adu nacisk&#xF3;w pozwala r&#xF3;wnie&#x17C; na uzyskanie istotnych informacji o przebiegu procesu polerowania.</subfield>
  </datafield>
  <datafield tag="650" ind1=" " ind2="0">
    <subfield code="a">Polerowanie.</subfield>
  </datafield>
  <datafield tag="655" ind1=" " ind2="0">
    <subfield code="a">Materia&#x142;y konferencyjne.</subfield>
  </datafield>
  <datafield tag="650" ind1=" " ind2="0">
    <subfield code="a">&#x15A;ciernica</subfield>
  </datafield>
  <datafield tag="700" ind1=" " ind2=" ">
    <subfield code="a">PLUTA, Zdzis&#x142;aw.</subfield>
    <subfield code="d">1973 - 1996.</subfield>
    <subfield code="b">Wy&#x17C;sza Szko&#x142;a In&#x17C;ynierska w Koszalinie - Instytut Techniki Wytwarzania,</subfield>
    <subfield code="c">Zak&#x142;ad Obr&#xF3;bki Skrawaniem</subfield>
  </datafield>
  <datafield tag="773" ind1=" " ind2=" ">
    <subfield code="i">W :</subfield>
    <subfield code="t">Post&#x119;py w technice wytwarzania. Cz. 1, Narz&#x119;dzia i technologia obr&#xF3;bki &#x15B;ciernej. : Materia&#x142;y konferencyjne.</subfield>
    <subfield code="g">1978, s. 333-343</subfield>
  </datafield>
  <datafield tag="711" ind1=" " ind2=" ">
    <subfield code="a">Konferencja Naukowo-Techniczna  "Post&#x119;py w technice wytwarzania"</subfield>
    <subfield code="d">(1978 ;</subfield>
    <subfield code="c">Ko&#x142;obrzeg, Polska).</subfield>
  </datafield>
  <datafield tag="942" ind1=" " ind2=" ">
    <subfield code="c">ART</subfield>
    <subfield code="2">UKD</subfield>
  </datafield>
  <datafield tag="999" ind1=" " ind2=" ">
    <subfield code="c">5438</subfield>
    <subfield code="d">5438</subfield>
  </datafield>
  <datafield tag="952" ind1=" " ind2=" ">
    <subfield code="0">0</subfield>
    <subfield code="1">0</subfield>
    <subfield code="4">0</subfield>
    <subfield code="7">0</subfield>
    <subfield code="a">BPK</subfield>
    <subfield code="b">BPK</subfield>
    <subfield code="o">25774</subfield>
    <subfield code="y">ART</subfield>
  </datafield>
</record>
